[Event "Titled Tuesday intern op 26th Sep Early"]
[Site "Chess.com INT"]
[Date "2023.09.26"]
[Round "6"]
[White "Arat, Ufuk Sezen"]
[Black "Mahitosh, Dey"]
[Result "1-0"]
[WhiteElo "2381"]
[BlackElo "2232"]
[PlyCount "55"]
[EventDate "2023.09.26"]
[EventType "swiss (blitz)"]
[EventRounds "11"]
[EventCountry "USA"]
[SourceTitle "EXT 2024"]
[Source "ChessBase"]
[SourceDate "2023.10.10"]
[SourceVersion "1"]
[SourceVersionDate "2023.10.10"]
[SourceQuality "1"]

1. e4 e5 2. Nf3 Nc6 3. Bb5 a6 4. Ba4 Nf6 5. 0-0 b5 6. Bb3 Bc5 7. Re1 d6 8. c3 Bg4 9. h3 Bh5 10. d3 Qd7 11. Nbd2 h6 12. Nf1 g5 13. Ng3 g4 14. Nh4 Rg8 15. Nhf5 gxh3 16. Nxh5 Rxg2+ 17. Kh1 Bxf2 18. Nxf6+ Kd8 19. Nxd7 Kxd7 20. Be3 Bxe1 21. Qxe1 Rag8 22. Qh4 Rxb2 23. Qxh3 Kd8 24. Nxh6 Rgg2 25. Nxf7+ Ke7 26. Ng5 Rge2 27. Qh7+ Kf6 28. Qf7# 1-0

[Event "Titled Tuesday intern op 26th Sep Early"]
[Site "Chess.com INT"]
[Date "2023.09.26"]
[Round "7"]
[White "Mendonca, Leon Luke"]
[Black "Arat, Ufuk Sezen"]
[Result "0-1"]
[WhiteElo "2622"]
[BlackElo "2381"]
[PlyCount "82"]
[EventDate "2023.09.26"]
[EventType "swiss (blitz)"]
[EventRounds "11"]
[EventCountry "USA"]
[SourceTitle "EXT 2024"]
[Source "ChessBase"]
[SourceDate "2023.10.10"]
[SourceVersion "1"]
[SourceVersionDate "2023.10.10"]
[SourceQuality "1"]

1. e4 c5 2. Nf3 e6 3. g3 d5 4. exd5 exd5 5. Bg2 Nc6 6. 0-0 Nf6 7. d4 cxd4 8. Nxd4 Bg4 9. Qd3 Be7 10. Nd2 0-0 11. N2b3 Ne5 12. Qe3 Nc4 13. Qd3 Qd7 14. Re1 Rfe8 15. Bf4 Nxb2 16. Qc3 Nc4 17. a4 a5 18. Qd3 Bh5 19. Nb5 Bg6 20. Qd4 Bxc2 21. Nd2 Nxd2 22. Bxd2 Be4 23. Rac1 Rac8 24. Bxa5 Rxc1 25. Rxc1 Bxg2 26. Kxg2 Ra8 27. Bd2 Ne4 28. Rc7 Qe6 29. Rxb7 Nxd2 30. Qxd2 Rxa4 31. Rb8+ Bf8 32. Nc3 Ra5 33. Qd4 Qd6 34. Rc8 h6 35. Nd1 Kh7 36. Ne3 g6 37. h4 Bg7 38. Qd3 d4 39. h5 Ra3 40. hxg6+ fxg6 41. Qd1 Qd7 0-1

[Event "Titled Tuesday intern op 19th Sep Early"]
[Site "Chess.com INT"]
[Date "2023.09.19"]
[Round "3"]
[White "Arat, Ufuk Sezen"]
[Black "Lenderman, Aleksandr"]
[Result "0-1"]
[WhiteElo "2381"]
[BlackElo "2533"]
[PlyCount "164"]
[EventDate "2023.09.19"]
[EventType "swiss (blitz)"]
[EventRounds "11"]
[EventCountry "USA"]
[SourceTitle "EXT 2024"]
[Source "ChessBase"]
[SourceDate "2023.10.10"]
[SourceVersion "1"]
[SourceVersionDate "2023.10.10"]
[SourceQuality "1"]

1. e4 e5 2. Nf3 Nf6 3. Nxe5 Nxe4 4. Qe2 Qe7 5. Qxe4 d6 6. d4 dxe5 7. dxe5 Nc6 8. Nc3 Qxe5 9. Bf4 Qxe4+ 10. Nxe4 Bf5 11. Bd3 0-0-0 12. 0-0-0 Be6 13. a3 h6 14. Rhe1 Be7 15. f3 Rhe8 16. Bb5 a6 17. Bxc6 bxc6 18. Be3 Bf5 19. Nc5 Rxd1+ 20. Rxd1 Bd6 21. Ne4 Bxe4 22. fxe4 Rxe4 23. Bd4 f6 24. g3 h5 25. Bf2 h4 26. gxh4 Bxh2 27. Rh1 Be5 28. h5 Re2 29. Bh4 Bf4+ 30. Kb1 Bh6 31. Rf1 Re5 32. Bxf6 gxf6 33. Rxf6 Rxh5 34. Rxc6 Kb7 35. Rc4 Bg7 36. Ka2 Rb5 37. c3 Rh5 38. Rg4 Bf8 39. Kb3 Bd6 40. Rd4 Rh2 41. Rg4 Bc5 42. Rc4 Be3 43. Rb4+ Ka7 44. Ka2 Bh6 45. Rc4 Kb7 46. Rb4+ Kc8 47. Ra4 Bg7 48. Kb3 Rh6 49. Rg4 Be5 50. Re4 Bd6 51. Ra4 Bc5 52. Rc4 Bb6 53. Re4 Kb7 54. Rg4 Rh2 55. Re4 Bc5 56. Re6 Bd6 57. Re4 Rf2 58. Ka2 Kb6 59. Kb3 a5 60. a4 Bf4 61. Re6+ c6 62. Re1 Kc5 63. Rd1 Be5 64. Rh1 Kd5 65. Rd1+ Ke6 66. Rh1 c5 67. Rb1 Kd5 68. Rd1+ Kc6 69. Rh1 Rf4 70. Rh6+ Bf6 71. Rh5 Rf2 72. Rh6 Kd5 73. Rh5+ Be5 74. Rh1 c4+ 75. Ka3 Bd6+ 76. Ka2 Ke4 77. Rh4+ Bf4 78. Rh8 Bc1 79. Rb8 Kd3 80. Kb1 Rxb2+ 81. Rxb2 Bxb2 82. Kxb2 Kd2 0-1

[Event "Titled Tuesday intern op 19th Sep Early"]
[Site "Chess.com INT"]
[Date "2023.09.19"]
[Round "4"]
[White "Herman, Daniel"]
[Black "Arat, Ufuk Sezen"]
[Result "0-1"]
[WhiteElo "1927"]
[BlackElo "2381"]
[PlyCount "106"]
[EventDate "2023.09.19"]
[EventType "swiss (blitz)"]
[EventRounds "11"]
[EventCountry "USA"]
[SourceTitle "EXT 2024"]
[Source "ChessBase"]
[SourceDate "2023.10.10"]
[SourceVersion "1"]
[SourceVersionDate "2023.10.10"]
[SourceQuality "1"]

1. e4 c5 2. Nf3 e6 3. d4 cxd4 4. Nxd4 Nc6 5. Nc3 Qc7 6. Be3 a6 7. Qd2 Nf6 8. Bd3 b5 9. a3 Bb7 10. Nxc6 Bxc6 11. f4 e5 12. 0-0 Bd6 13. f5 Ng4 14. Kh1 Nxe3 15. Qxe3 f6 16. Rad1 Bb7 17. Be2 Bc5 18. Qd3 Bd4 19. Bh5+ g6 20. fxg6 hxg6 21. Bxg6+ Ke7 22. Qg3 Bxc3 23. bxc3 Raf8 24. Bf5 Rfg8 25. Qf3 d6 26. h3 Rh4 27. Rf2 Rgh8 28. Rdf1 Qd8 29. Qg3 Qf8 30. Bg6 R4h6 31. Rxf6 Qxf6 32. Rxf6 Kxf6 33. Bf5 Bc8 34. Bxc8 Rxc8 35. Qf3+ Ke7 36. Qf5 Rhh8 37. Qg5+ Kd7 38. Qg7+ Kc6 39. Qf7 Kb6 40. Qd7 Rc6 41. Kh2 Rh6 42. Qd8+ Kb7 43. Qd7+ Rc7 44. Qd8 Rxc3 45. h4 Rc8 46. Qe7+ Rc7 47. Qd8 Rxc2 48. Kh3 Rc3+ 49. g3 Rg6 50. Qe7+ Kb6 51. Qd8+ Kc5 52. Qc8+ Kd4 53. h5 Rxc8 0-1

[Event "Titled Tuesday intern op 12th Sep Early"]
[Site "Chess.com INT"]
[Date "2023.09.12"]
[Round "6"]
[White "Arat, Ufuk Sezen"]
[Black "Timofeev, Artyom"]
[Result "1/2-1/2"]
[WhiteElo "2381"]
[BlackElo "2576"]
[PlyCount "130"]
[EventDate "2023.09.12"]
[EventType "swiss (blitz)"]
[EventRounds "11"]
[EventCountry "USA"]
[SourceTitle "EXT 2024"]
[Source "ChessBase"]
[SourceDate "2023.10.10"]
[SourceVersion "1"]
[SourceVersionDate "2023.10.10"]
[SourceQuality "1"]

1. e4 e6 2. d4 d5 3. Nc3 dxe4 4. Nxe4 Nd7 5. g3 b6 6. Bg2 Rb8 7. Nf3 Bb7 8. Qe2 Ngf6 9. Nxf6+ Nxf6 10. 0-0 Be7 11. Ne5 Bxg2 12. Kxg2 Qd5+ 13. Qf3 Qxf3+ 14. Kxf3 Bd6 15. Bf4 Nd5 16. c4 Nxf4 17. gxf4 Ra8 18. Rac1 f6 19. Nd3 c5 20. dxc5 bxc5 21. b4 Rc8 22. bxc5 Bxc5 23. Rfe1 Kf7 24. Rb1 Rhe8 25. Rb7+ Re7 26. Reb1 Bb6 27. Rxe7+ Kxe7 28. c5 Bxc5 29. Nxc5 Rxc5 30. Rb7+ Kf8 31. Rxa7 Rc3+ 32. Kg2 h5 33. a4 Kg8 34. h4 Kh7 35. f3 Kg6 36. Kg3 Ra3 37. a5 Ra4 38. Re7 Kf5 39. Rxg7 Rxa5 40. Rh7 Kg6 41. Re7 Ra6 42. Re8 Rb6 43. Rg8+ Kf5 44. Rh8 Kg6 45. Rg8+ Kh7 46. Re8 Kg7 47. Rc8 Rb1 48. Rc7+ Kg6 49. Rc6 Re1 50. Kf2 Rh1 51. Rxe6 Rxh4 52. Kg3 Rh1 53. Ra6 Rg1+ 54. Kf2 Rb1 55. Kg3 Rb5 56. Ra8 Kf5 57. Rh8 Ke6 58. Kh4 Rf5 59. Rxh5 Rxf4+ 60. Kg3 Ra4 61. Rb5 Rc4 62. Rb6+ Ke5 63. Rb5+ Ke6 64. Rb6+ Ke5 65. Rb5+ Ke6 1/2-1/2

[Event "Titled Tuesday intern op 05th Sep Early"]
[Site "Chess.com INT"]
[Date "2023.09.05"]
[Round "6"]
[White "Arat, Ufuk Sezen"]
[Black "Jegorovas, Aleksandras"]
[Result "1-0"]
[WhiteElo "2381"]
[BlackElo "2270"]
[PlyCount "75"]
[EventDate "2023.09.05"]
[EventType "swiss (blitz)"]
[EventRounds "11"]
[EventCountry "USA"]
[SourceTitle "EXT 2024"]
[Source "ChessBase"]
[SourceDate "2023.10.10"]
[SourceVersion "1"]
[SourceVersionDate "2023.10.10"]
[SourceQuality "1"]

1. e4 e6 2. d4 d5 3. Nc3 Bb4 4. exd5 exd5 5. Bd3 Nc6 6. a3 Bxc3+ 7. bxc3 Nge7 8. Qh5 g6 9. Qh4 Bf5 10. Nf3 Qd7 11. a4 0-0-0 12. Bg5 Rde8 13. 0-0 Bxd3 14. cxd3 Nf5 15. Qf4 h6 16. Bf6 g5 17. Qd2 Rhg8 18. Ne5 Nxe5 19. dxe5 g4 20. d4 h5 21. f3 g3 22. h3 Re6 23. Rab1 Rc6 24. a5 Rc4 25. a6 b6 26. Rb4 Rxb4 27. cxb4 Ne7 28. Rc1 Nc6 29. Qc3 Nb8 30. Qd3 Qa4 31. Qh7 Re8 32. Qxf7 Nxa6 33. e6 Qb5 34. Be5 Kb8 35. Bxc7+ Ka8 36. Bxg3 Nxb4 37. Qd7 a6 38. Rc8+ 1-0

[Event "Titled Tuesday intern op 05th Sep Early"]
[Site "Chess.com INT"]
[Date "2023.09.05"]
[Round "4"]
[White "Arat, Ufuk Sezen"]
[Black "Sjugirov, Sanan"]
[Result "1/2-1/2"]
[WhiteElo "2381"]
[BlackElo "2705"]
[PlyCount "150"]
[EventDate "2023.09.05"]
[EventType "swiss (blitz)"]
[EventRounds "11"]
[EventCountry "USA"]
[SourceTitle "EXT 2024"]
[Source "ChessBase"]
[SourceDate "2023.10.10"]
[SourceVersion "1"]
[SourceVersionDate "2023.10.10"]
[SourceQuality "1"]

1. e4 e5 2. Nf3 Nc6 3. Bc4 Bc5 4. d4 Bxd4 5. Nxd4 Nxd4 6. Be3 Ne6 7. Bxe6 dxe6 8. Qh5 Qf6 9. Na3 Bd7 10. Nc4 Ne7 11. Qxe5 Qxe5 12. Nxe5 f6 13. Nxd7 Kxd7 14. 0-0-0+ Kc6 15. f3 b6 16. c4 Rad8 17. b4 a6 18. Kc2 Ng6 19. a4 Nh4 20. Rhg1 Rxd1 21. Kxd1 Rd8+ 22. Kc2 Kb7 23. Kc3 Ng6 24. g3 Ne5 25. f4 Rd3+ 26. Kc2 Rxe3 27. fxe5 fxe5 28. Rf1 Re2+ 29. Kc3 Rxh2 30. Rf7 g6 31. c5 bxc5 32. bxc5 Rh3 33. Kc4 Rxg3 34. Rxh7 Re3 35. Rh4 g5 36. Rg4 Kc6 37. Kb4 Rd3 38. Rxg5 Rd4+ 39. Ka5 Rxe4 40. Rg6 Kxc5 41. Rxe6 c6 42. Re8 Kd6 43. Rd8+ Kc7 44. Ra8 Rd4 45. Rh8 e4 46. Rh7+ Kd6 47. Rh3 Kc5 48. Ra3 Rd3 49. Ra1 e3 50. Kxa6 e2 51. Re1 Rd2 52. a5 Ra2 53. Kb7 Rxa5 54. Rxe2 Kd6 55. Rd2+ Rd5 56. Rh2 Rb5+ 57. Ka6 Rb1 58. Rh6+ Kc5 59. Rh5+ Kc4 60. Rh4+ Kd5 61. Rh5+ Kc4 62. Rh4+ Kc5 63. Rh5+ Kd6 64. Rh6+ Kd7 65. Rh7+ Ke6 66. Rh6+ Kd5 67. Rh5+ Ke4 68. Rc5 Ra1+ 69. Kb6 Rb1+ 70. Kxc6 Rb4 71. Kd6 Rd4+ 72. Ke6 Rd3 73. Re5+ Kd4 74. Rd5+ Ke4 75. Rxd3 Kxd3 1/2-1/2

[Event "Titled Tuesday intern op 29th Aug Early"]
[Site "Chess.com INT"]
[Date "2023.08.29"]
[Round "10"]
[White "Davidson, Kevin"]
[Black "Arat, Ufuk Sezen"]
[Result "0-1"]
[WhiteElo "2154"]
[BlackElo "2381"]
[PlyCount "72"]
[EventDate "2023.08.29"]
[EventType "swiss (blitz)"]
[EventRounds "11"]
[EventCountry "USA"]
[SourceTitle "EXT 2024"]
[Source "ChessBase"]
[SourceDate "2023.10.10"]
[SourceVersion "1"]
[SourceVersionDate "2023.10.10"]
[SourceQuality "1"]

1. e4 c5 2. Nf3 e6 3. d4 cxd4 4. Nxd4 Nc6 5. Nc3 Qc7 6. g3 a6 7. Bg2 Nf6 8. 0-0 Nxd4 9. Qxd4 Bc5 10. Bf4 d6 11. Qd2 h6 12. Rad1 e5 13. Be3 Bb4 14. Nb5 axb5 15. Qxb4 Rxa2 16. Rxd6 0-0 17. Rd2 Be6 18. f3 Qc4 19. c3 Qxb4 20. cxb4 Rc8 21. Bf2 Rc4 22. Bc5 Nd7 23. Bd6 Rd4 24. Rfd1 Rxd2 25. Rxd2 f6 26. Bc7 Ra4 27. Bd6 Nb6 28. Bc5 Nc4 29. Rd8+ Kh7 30. b3 Ra1+ 31. Kf2 Ra2+ 32. Kg1 Nd2 33. Rb8 Nxb3 34. Rxb7 Bc4 35. Rb8 Nd4 36. Bh3 Nxf3+ 0-1

[Event "Titled Tuesday intern op 29th Aug Early"]
[Site "Chess.com INT"]
[Date "2023.08.29"]
[Round "5"]
[White "Rosh, Jain"]
[Black "Arat, Ufuk Sezen"]
[Result "1-0"]
[WhiteElo "2248"]
[BlackElo "2381"]
[PlyCount "89"]
[EventDate "2023.08.29"]
[EventType "swiss (blitz)"]
[EventRounds "11"]
[EventCountry "USA"]
[SourceTitle "EXT 2024"]
[Source "ChessBase"]
[SourceDate "2023.10.10"]
[SourceVersion "1"]
[SourceVersionDate "2023.10.10"]
[SourceQuality "1"]

1. e4 c5 2. Nf3 e6 3. d4 cxd4 4. Nxd4 Nc6 5. Nc3 Qc7 6. Be3 a6 7. Be2 Nf6 8. 0-0 b5 9. Nxc6 dxc6 10. f4 Bb7 11. e5 Rd8 12. Qe1 Nd5 13. Nxd5 cxd5 14. c3 Bc5 15. Bd4 Qb6 16. Qf2 Bxd4 17. cxd4 Rc8 18. b4 0-0 19. Rac1 a5 20. a3 axb4 21. axb4 Rxc1 22. Rxc1 Rc8 23. Rc5 Ra8 24. h4 Ra1+ 25. Kh2 Bc6 26. h5 h6 27. Bd3 Bd7 28. Qc2 Kf8 29. Rc7 Qxd4 30. Rxd7 Qg1+ 31. Kg3 Qe1+ 32. Kg4 Qd1+ 33. Qxd1 Rxd1 34. Bxb5 f5+ 35. exf6 gxf6 36. Rh7 Rb1 37. Rxh6 Rxb4 38. Bd3 Kg7 39. Rh7+ Kg8 40. Ra7 e5 41. g3 e4 42. Ba6 e3 43. Kf5 Rb6 44. Be2 d4 45. h6 1-0

[Event "Titled Tuesday intern op 25th Jul Early"]
[Site "Chess.com INT"]
[Date "2023.07.25"]
[Round "7"]
[White "Arat, Ufuk Sezen"]
[Black "Estrada Nieto, Julian"]
[Result "1-0"]
[WhiteElo "2389"]
[BlackElo "2217"]
[PlyCount "117"]
[EventDate "2023.07.25"]
[EventType "swiss (blitz)"]
[EventRounds "11"]
[EventCountry "USA"]
[SourceTitle "EXT 2024"]
[Source "ChessBase"]
[SourceDate "2023.10.10"]
[SourceVersion "1"]
[SourceVersionDate "2023.10.10"]
[SourceQuality "1"]

1. e4 e5 2. Nf3 Nc6 3. Bb5 a6 4. Ba4 Nf6 5. 0-0 Be7 6. Re1 b5 7. Bb3 d6 8. c3 0-0 9. h3 Bb7 10. d4 Re8 11. d5 Nb8 12. Bg5 Nbd7 13. Nbd2 Nc5 14. Bxf6 Bxf6 15. Bc2 c6 16. b4 Nd7 17. dxc6 Bxc6 18. Nb3 Nb6 19. Na5 Rc8 20. Qd3 Ba8 21. Rad1 Nc4 22. Nxc4 Rxc4 23. Bb3 Rc6 24. Bd5 Rb6 25. c4 bxc4 26. Qxc4 Bxd5 27. Rxd5 Qb8 28. a3 Rc8 29. Qd3 h6 30. Rd1 Be7 31. Nd2 Rbc6 32. Nf1 Rc3 33. Qxa6 Qa8 34. Qxa8 Rxa8 35. Ne3 Rcxa3 36. Nf5 Bf8 37. Nxd6 Bxd6 38. Rxd6 Rb3 39. Rb6 Ra4 40. Rd8+ Kh7 41. Rdb8 Rb1+ 42. Kh2 h5 43. R8b7 Rb2 44. Rxf7 Rbxb4 45. Rxb4 Rxb4 46. f3 Kg6 47. Rf5 Rb5 48. Kg3 Ra5 49. Kh4 Ra2 50. Rg5+ Kf6 51. Kxh5 Ra8 52. Rf5+ Ke6 53. Kg6 Ra7 54. g4 Rb7 55. h4 Ra7 56. h5 Rb7 57. g5 Ra7 58. h6 gxh6 59. gxh6 1-0

[Event "Titled Tuesday intern op 25th Jul Early"]
[Site "Chess.com INT"]
[Date "2023.07.25"]
[Round "11"]
[White "Rosh, Jain"]
[Black "Arat, Ufuk Sezen"]
[Result "1-0"]
[WhiteElo "2248"]
[BlackElo "2389"]
[PlyCount "47"]
[EventDate "2023.07.25"]
[EventType "swiss (blitz)"]
[EventRounds "11"]
[EventCountry "USA"]
[SourceTitle "EXT 2024"]
[Source "ChessBase"]
[SourceDate "2023.10.10"]
[SourceVersion "1"]
[SourceVersionDate "2023.10.10"]
[SourceQuality "1"]

1. e4 c5 2. Nf3 e6 3. d4 cxd4 4. Nxd4 Nc6 5. Nc3 Qc7 6. Be3 a6 7. Qd2 Nf6 8. Be2 b5 9. 0-0 Bb7 10. a3 Ne5 11. f3 Nc4 12. Bxc4 Qxc4 13. Rad1 d5 14. exd5 Nxd5 15. Nxd5 Qxd5 16. Qf2 Qc4 17. Rfe1 Be7 18. b3 Qc7 19. Nf5 Bxa3 20. Nxg7+ Kf8 21. Bh6 Kg8 22. Nh5 Bb2 23. Rd7 Qb8 24. Rd8+ 1-0

[Event "Titled Tuesday intern op 18th Jul Early"]
[Site "Chess.com INT"]
[Date "2023.07.18"]
[Round "5"]
[White "Arat, Ufuk Sezen"]
[Black "Ai, Evan Zihao"]
[Result "1-0"]
[WhiteElo "2389"]
[BlackElo "2159"]
[PlyCount "79"]
[EventDate "2023.07.18"]
[EventType "swiss (blitz)"]
[EventRounds "11"]
[EventCountry "USA"]
[SourceTitle "EXT 2024"]
[Source "ChessBase"]
[SourceDate "2023.10.10"]
[SourceVersion "1"]
[SourceVersionDate "2023.10.10"]
[SourceQuality "1"]

1. e4 c5 2. Nf3 d6 3. d4 cxd4 4. Nxd4 Nf6 5. Nc3 a6 6. Be3 e5 7. Nf3 h6 8. Bc4 Be7 9. 0-0 Qc7 10. Qe2 b5 11. Bb3 Bb7 12. Nd2 Nbd7 13. f3 0-0 14. a3 Bc6 15. Rad1 Qb7 16. Kh1 a5 17. a4 b4 18. Nb5 d5 19. exd5 Nxd5 20. Nc4 Nxe3 21. Nxe3 Nc5 22. Nf5 Bf6 23. Nbd6 Qc7 24. Bd5 Bxd5 25. Rxd5 Nxa4 26. Ne4 Be7 27. f4 Rfd8 28. Rxe5 Bf8 29. Qg4 Ra6 30. b3 Rg6 31. Qe2 Nc3 32. Nxc3 Qxc3 33. Ne3 Rd2 34. Qf3 Kh7 35. Re8 Bc5 36. f5 Rgd6 37. Qa8 g6 38. fxg6+ Rxg6 39. Rxf7+ Rg7 40. Qe4# 1-0

[Event "Titled Tuesday intern op 18th Jul Early"]
[Site "Chess.com INT"]
[Date "2023.07.18"]
[Round "2"]
[White "Arat, Ufuk Sezen"]
[Black "Rasulov, Vugar Ural Oglu"]
[Result "1-0"]
[WhiteElo "2389"]
[BlackElo "2540"]
[PlyCount "89"]
[EventDate "2023.07.18"]
[EventType "swiss (blitz)"]
[EventRounds "11"]
[EventCountry "USA"]
[SourceTitle "EXT 2024"]
[Source "ChessBase"]
[SourceDate "2023.10.10"]
[SourceVersion "1"]
[SourceVersionDate "2023.10.10"]
[SourceQuality "1"]

1. e4 c5 2. Nf3 e6 3. d4 cxd4 4. Nxd4 Nc6 5. Nc3 Qc7 6. g3 a6 7. Bg2 Nf6 8. 0-0 Bc5 9. Bf4 e5 10. Nb3 exf4 11. Nxc5 0-0 12. Nd3 fxg3 13. hxg3 d6 14. Nf4 Be6 15. Ncd5 Bxd5 16. Nxd5 Nxd5 17. Qxd5 Ne5 18. c3 Rfd8 19. Rad1 Rac8 20. Bh3 Rb8 21. Bg2 b5 22. Rfe1 h6 23. Qd4 a5 24. f4 Nc4 25. b3 Na3 26. Rc1 Rbc8 27. Qf2 Qc5 28. Red1 Kf8 29. Rd5 Qxf2+ 30. Kxf2 Rc5 31. Ke3 Ke7 32. Kd3 Rdc8 33. Rxc5 dxc5 34. e5 c4+ 35. Ke3 b4 36. bxc4 Nxc4+ 37. Kd3 Na3 38. c4 Nb5 39. Bd5 Nc3 40. Rc2 f6 41. e6 Kd6 42. f5 g6 43. g4 h5 44. fxg6 hxg4 45. e7 1-0

[Event "Titled Tuesday intern op 18th Jul Early"]
[Site "Chess.com INT"]
[Date "2023.07.18"]
[Round "6"]
[White "Gabdushev, Ruslan"]
[Black "Arat, Ufuk Sezen"]
[Result "0-1"]
[WhiteElo "2256"]
[BlackElo "2389"]
[PlyCount "44"]
[EventDate "2023.07.18"]
[EventType "swiss (blitz)"]
[EventRounds "11"]
[EventCountry "USA"]
[SourceTitle "EXT 2024"]
[Source "ChessBase"]
[SourceDate "2023.10.10"]
[SourceVersion "1"]
[SourceVersionDate "2023.10.10"]
[SourceQuality "1"]

1. g3 d5 2. Bg2 c6 3. d3 Nf6 4. Nf3 Bg4 5. 0-0 Nbd7 6. h3 Bxf3 7. Bxf3 e5 8. Bg2 Be7 9. c4 d4 10. e3 Nc5 11. b4 Ne6 12. Qb3 a5 13. bxa5 Nc5 14. Qc2 0-0 15. Rd1 Qxa5 16. exd4 exd4 17. Nd2 Qc3 18. Qxc3 dxc3 19. Nf1 Nb3 20. Be3 Nxa1 21. Rxa1 Rfd8 22. d4 Ba3 0-1

[Event "Titled Tuesday intern op 18th Jul Early"]
[Site "Chess.com INT"]
[Date "2023.07.18"]
[Round "8"]
[White "Preotu, Razvan"]
[Black "Arat, Ufuk Sezen"]
[Result "0-1"]
[WhiteElo "2481"]
[BlackElo "2389"]
[PlyCount "110"]
[EventDate "2023.07.18"]
[EventType "swiss (blitz)"]
[EventRounds "11"]
[EventCountry "USA"]
[SourceTitle "EXT 2024"]
[Source "ChessBase"]
[SourceDate "2023.10.10"]
[SourceVersion "1"]
[SourceVersionDate "2023.10.10"]
[SourceQuality "1"]

1. e4 c5 2. Nf3 e6 3. c3 d5 4. exd5 Qxd5 5. d4 Nf6 6. Na3 Nc6 7. Be3 cxd4 8. Nb5 Qd8 9. Nbxd4 Bd7 10. Nxc6 Bxc6 11. Ne5 Bd6 12. Nxc6 bxc6 13. Qa4 Qc7 14. g3 0-0 15. Bg2 Nd5 16. Bd2 f5 17. 0-0 f4 18. c4 Nb6 19. Qc2 Nd7 20. b4 Rae8 21. c5 Be5 22. Rae1 Nf6 23. Rxe5 Qxe5 24. Bxf4 Qd4 25. Bxc6 Rc8 26. Bb7 Nd5 27. Bxc8 Nxf4 28. gxf4 Rxc8 29. Qb3 Rc6 30. b5 Rxc5 31. Qxe6+ Kf8 32. Re1 Qd8 33. a4 Rc2 34. Kg2 Rc5 35. Re5 Qa8+ 36. Kg3 Rc3+ 37. Re3 Rxe3+ 38. Qxe3 Qb7 39. Qc5+ Kf7 40. Qc6 Qe7 41. a5 Qa3+ 42. f3 Qxa5 43. Qd7+ Kf6 44. h4 Qb6 45. Qc6+ Qxc6 46. bxc6 Ke6 47. h5 a5 48. h6 g6 49. f5+ gxf5 50. Kf4 a4 51. c7 Kd7 52. Kxf5 a3 53. Kf6 a2 54. Kg7 a1Q+ 55. Kxh7 Qf6 0-1

[Event "Titled Tuesday intern op 11th Jul Early"]
[Site "Chess.com INT"]
[Date "2023.07.11"]
[Round "9"]
[White "Arat, Ufuk Sezen"]
[Black "Korol, Dimitry"]
[Result "1-0"]
[WhiteElo "2389"]
[BlackElo "2287"]
[PlyCount "83"]
[EventDate "2023.07.11"]
[EventType "swiss (blitz)"]
[EventRounds "11"]
[EventCountry "USA"]
[SourceTitle "EXT 2024"]
[Source "ChessBase"]
[SourceDate "2023.10.10"]
[SourceVersion "1"]
[SourceVersionDate "2023.10.10"]
[SourceQuality "1"]

1. e4 c5 2. Nf3 d6 3. d4 cxd4 4. Nxd4 Nf6 5. Nc3 g6 6. Be3 Bg7 7. f3 0-0 8. Bc4 Nc6 9. Bb3 Bd7 10. Qd2 Qa5 11. 0-0-0 Rfc8 12. g4 Ne5 13. h4 b5 14. g5 Nh5 15. Nd5 Qxd2+ 16. Rxd2 Kf8 17. a3 Nc4 18. Bxc4 Rxc4 19. Ne2 Be6 20. Nef4 Nxf4 21. Nxf4 Bd7 22. h5 b4 23. axb4 Rxb4 24. c3 Rc4 25. Kd1 Be8 26. Ke1 a5 27. Kf2 a4 28. Ra1 Rb8 29. h6 Bh8 30. Nd5 e6 31. Nb6 Rc6 32. Ra3 Rcxb6 33. Bxb6 Rxb6 34. Ke3 Ke7 35. f4 Bc6 36. Rd1 f6 37. Rg1 fxg5 38. Rxg5 Bf6 39. Ra5 Rxb2 40. Ra7+ Bb7 41. R3xa4 Bxc3 42. Rc4 1-0

[Event "Titled Tuesday intern op 11th Jul Early"]
[Site "Chess.com INT"]
[Date "2023.07.11"]
[Round "11"]
[White "Arat, Ufuk Sezen"]
[Black "Nunez V, Gustavo Eduardo"]
[Result "1-0"]
[WhiteElo "2389"]
[BlackElo "2226"]
[PlyCount "143"]
[EventDate "2023.07.11"]
[EventType "swiss (blitz)"]
[EventRounds "11"]
[EventCountry "USA"]
[SourceTitle "EXT 2024"]
[Source "ChessBase"]
[SourceDate "2023.10.10"]
[SourceVersion "1"]
[SourceVersionDate "2023.10.10"]
[SourceQuality "1"]

1. e4 c5 2. Nf3 Nc6 3. d4 cxd4 4. Nxd4 e5 5. Nb5 a6 6. Nd6+ Bxd6 7. Qxd6 Qf6 8. Qd1 Qg6 9. Nc3 Nge7 10. Be3 d6 11. f3 Be6 12. Qd2 Rd8 13. 0-0-0 f5 14. Bd3 0-0 15. exf5 Bxf5 16. Bb6 Rd7 17. Ne4 Kh8 18. g4 Bxe4 19. Bxe4 Qf7 20. Bc5 d5 21. Bd3 Rc8 22. Rhe1 Ng6 23. Bf5 Nf4 24. Bxd7 Qxd7 25. Rxe5 Nxe5 26. Qxf4 Ng6 27. Qd4 Qf7 28. Qxd5 Qf4+ 29. Kb1 h6 30. Qe6 Rxc5 31. Rd8+ Nf8 32. Qe7 Re5 33. Rxf8+ Kh7 34. Rxf4 Rxe7 35. a4 Re1+ 36. Ka2 Re2 37. h4 Rxc2 38. Rf7 b5 39. a5 Rc4 40. b3 Rc6 41. h5 Kg8 42. Rf5 g6 43. hxg6 Kg7 44. Ka3 Kxg6 45. Kb4 Re6 46. f4 Re4+ 47. Kc5 Re3 48. b4 Rc3+ 49. Kb6 Rc4 50. Kxa6 Rxb4 51. Rxb5 Rxf4 52. Rb8 Rxg4 53. Rg8+ Kf5 54. Rxg4 Kxg4 55. Kb5 h5 56. a6 h4 57. a7 Kg3 58. a8Q Kh2 59. Qa2+ Kh1 60. Qb1+ Kh2 61. Qc2+ Kh1 62. Qd1+ Kh2 63. Qe2+ Kh3 64. Qf3+ Kh2 65. Kc4 h3 66. Qg4 Kh1 67. Qxh3+ Kg1 68. Qg3+ Kf1 69. Qh2 Ke1 70. Kd3 Kf1 71. Ke3 Ke1 72. Qe2# 1-0

[Event "Titled Tuesday intern op 11th Jul Early"]
[Site "Chess.com INT"]
[Date "2023.07.11"]
[Round "8"]
[White "Avila Jimenez, Xavier"]
[Black "Arat, Ufuk Sezen"]
[Result "0-1"]
[WhiteElo "2175"]
[BlackElo "2389"]
[PlyCount "62"]
[EventDate "2023.07.11"]
[EventType "swiss (blitz)"]
[EventRounds "11"]
[EventCountry "USA"]
[SourceTitle "EXT 2024"]
[Source "ChessBase"]
[SourceDate "2023.10.10"]
[SourceVersion "1"]
[SourceVersionDate "2023.10.10"]
[SourceQuality "1"]

1. d4 Nf6 2. c4 e6 3. Nc3 Bb4 4. f3 d5 5. a3 Bxc3+ 6. bxc3 0-0 7. cxd5 exd5 8. e3 c5 9. Bd3 Nc6 10. Ne2 b6 11. 0-0 Bb7 12. Ra2 cxd4 13. cxd4 Re8 14. g4 h6 15. Ng3 Ne7 16. Rg2 Qd6 17. h4 Ng6 18. Nf5 Qd7 19. g5 hxg5 20. hxg5 Nh7 21. f4 Rac8 22. Rh2 Nhf8 23. Qh5 Rc3 24. Bb1 Ba6 25. Rd1 Bc8 26. Bd2 Rb3 27. Bc2 Rb2 28. Nxg7 Rxc2 29. Nxe8 Qxe8 30. Rf1 Bf5 31. Rh1 Rxd2 0-1